<?xml version="1.0" encoding="UTF-8"?>
<record
    xmlns:xsi="http://www.w3.org/2001/XMLSchema-instance"
    xsi:schemaLocation="http://www.loc.gov/MARC21/slim http://www.loc.gov/standards/marcxml/schema/MARC21slim.xsd"
    xmlns="http://www.loc.gov/MARC21/slim">

  <leader>00353nam a2200109Ia 4500</leader>
  <controlfield tag="008">180213s9999||||xx |||||||||||||| ||und||</controlfield>
  <datafield tag="020" ind1=" " ind2=" ">
    <subfield code="a">978-986-342-891-6</subfield>
  </datafield>
  <datafield tag="100" ind1=" " ind2=" ">
    <subfield code="a">&#x5BCC;&#x7530;&#x4F55;&#x6210;</subfield>
  </datafield>
  <datafield tag="245" ind1=" " ind2="0">
    <subfield code="c">&#x5BCC;&#x7530;&#x4F55;&#x6210;</subfield>
    <subfield code="a">&#x9B3C;&#x901F;PDCA&#x5DE5;&#x4F5C;&#x8853;&#xFF1A;40&#x5F35;&#x5716;&#x8868;&#x505A;&#x597D;&#x6642;&#x9593;&#x7BA1;&#x7406;&#x3001;&#x6E1B;&#x5C11;&#x932F;&#x8AA4;&#x3001;&#x5275;&#x9020;&#x7372;&#x5229;&#xFF0C;3&#x5929;&#x5FEB;10&#x500D;&#xFF01;</subfield>
  </datafield>
  <datafield tag="250" ind1=" " ind2=" ">
    <subfield code="a">&#x521D;&#x7248;</subfield>
  </datafield>
  <datafield tag="260" ind1=" " ind2=" ">
    <subfield code="c">2017</subfield>
    <subfield code="a">&#x53F0;&#x5317;&#x5E02;</subfield>
  </datafield>
  <datafield tag="942" ind1=" " ind2=" ">
    <subfield code="2">ccl</subfield>
    <subfield code="c">BOOK</subfield>
  </datafield>
  <datafield tag="999" ind1=" " ind2=" ">
    <subfield code="c">4296</subfield>
    <subfield code="d">4296</subfield>
  </datafield>
  <datafield tag="952" ind1=" " ind2=" ">
    <subfield code="0">0</subfield>
    <subfield code="1">0</subfield>
    <subfield code="2">ccl</subfield>
    <subfield code="4">0</subfield>
    <subfield code="7">0</subfield>
    <subfield code="a">yeezen</subfield>
    <subfield code="b">yeezen</subfield>
    <subfield code="d">2018-02-13</subfield>
    <subfield code="l">7</subfield>
    <subfield code="m">3</subfield>
    <subfield code="o">494</subfield>
    <subfield code="p">C02380</subfield>
    <subfield code="r">2025-02-03 00:00:00</subfield>
    <subfield code="s">2025-01-14</subfield>
    <subfield code="w">2018-02-13</subfield>
    <subfield code="y">BOOK</subfield>
    <subfield code="z">1. &#x9996;&#x672C;PDCA&#x5C08;&#x66F8;&#xFF01;&#x5168;&#x66F8;40&#x5F35;&#x5716;&#x8868;&#x3001;&#x7167;&#x7247;&#xFF0C;&#x6BCF;&#x500B;&#x6B65;&#x9A5F;&#x8A73;&#x7D30;&#x89E3;&#x8AAA;&#x3002;2. 5&#x5927;&#x95DC;&#x9375;&#x8868;&#x683C;&#xFF0C;QR code &#x4E0B;&#x8F09;&#x96A8;&#x6642;&#x7528;&#xFF01;3. &#x5C08;&#x6848;&#x7BA1;&#x7406;&#x751F;&#x6D3B;&#x601D;&#x7DAD;&#x3001;&#x5927;&#x4EBA;&#x5B78; &#x5171;&#x540C;&#x5275;&#x8FA6;&#x4EBA; &#x59DA;&#x8A69;&#x8C6A;&#x5C08;&#x696D;&#x5BE9;&#x8A02;&#x5C08;&#x6587;&#x5C0E;&#x8B80;&#xFF0C;&#x5BE6;&#x7528;&#x5EA6;&#x500D;&#x589E;&#x3002;</subfield>
  </datafield>
</record>
